| 000 | 00515nam a2200169 a 4500 | ||
|---|---|---|---|
| 001 | 3051 | ||
| 003 | CDMR | ||
| 005 | 20130116135239.0 | ||
| 008 | 130130s1986||||||||||||||||||||||||||||d | ||
| 040 |
_aCDMR _bcat _cCDMR |
||
| 100 | 1 |
_aGaldón López, Gabriel _9854 |
|
| 245 | 1 | 0 |
_aPerfil histórico de la documentación en la prensa de información general (1845-1984) _cGabriel Galdón López |
| 260 |
_aPamplona _c1986 _bEUNSA |
||
| 300 |
_a167 p ; _c21 cm |
||
| 490 | 0 |
_aCiencias de la información _v49 _911 |
|
| 942 | _cMON | ||
| 999 |
_c3051 _d3051 |
||